[Event "IOM Open-Masters 2017"]
[Site "Douglas"]
[Date "2017.10.01"]
[Round "9"]
[White "Bogner, Sebastian"]
[Black "Donchenko, Alexander"]
[Result "1/2-1/2"]
[WhiteElo "2599"]
[BlackElo "2559"]
[Annotator "TA"]
[PlyCount "106"]
[EventDate "2017.??.??"]
[EventType "swiss"]
[EventCountry "GBR"]
[SourceTitle "playchess.com"]
[Source "ChessBase"]
[SourceQuality "1"]

1. e4 c6 2. d4 d5 3. Nd2 dxe4 4. Nxe4 Bf5 5. Ng3 Bg6 6. h4 h6 7. Nf3 Nd7 8. h5 Bh7 9. Bd3 Bxd3 10. Qxd3 e6 11. Bd2 Ngf6 12. O-O-O Be7 13. Kb1 Qb6 14. c4 O-O 15. Bf4 Rad8 16. Qc2 c5 17. d5 Rfe8 18. Nf1 exd5 19. cxd5 Ng4 20. Ne3 Nxe3 21. fxe3 c4 22. Qxc4 Bf6 23. Qb3 Qa5 24. Nd4 Nb6 25. Nb5 Re4 26. a3 Rd7 27. Bc7 Qa4 28. Qxa4 Nxa4 29. b3 Nb2 30. Rd2 a6 31. Nd6 Rxe3 32. Bb8 Rxb3 33. Ka2 Rd3 34. Rhd1 Rxd2 35. Rxd2 Rxd6 36. Bxd6 Nc4 37. Bf4 Nxd2 38. Bxd2 Kf8 39. a4 Ke7 40. Bb4+ Kd7 41. Kb3 Be7 42. Bc3 g6 43. g4 gxh5 44. gxh5 b5 45. axb5 axb5 46. Bd2 Bf8 47. Bf4 Kc8 48. Kc3 Kb7 49. Kb3 f5 50. Be3 Kc7 51. Bf4+ Kb6 52. Be3+ Ka5 53. Bf4 Kb6 1/2-1/2

[Event "IOM Open-Masters 2017"]
[Site "Douglas"]
[Date "2017.10.01"]
[Round "9"]
[White "Huschenbeth, Niclas"]
[Black "Naiditsch, Arkadij"]
[Result "1/2-1/2"]
[WhiteElo "2596"]
[BlackElo "2702"]
[Annotator "TA"]
[PlyCount "101"]
[EventDate "2017.??.??"]
[EventType "swiss"]
[EventCountry "GBR"]
[SourceTitle "playchess.com"]
[Source "ChessBase"]
[SourceQuality "1"]

1. e4 e5 2. Nf3 Nc6 3. d4 exd4 4. Nxd4 Nf6 5. Nxc6 bxc6 6. Qe2 Bc5 7. e5 Nd5 8. Qg4 g6 9. Bg5 h5 10. Qh4 Be7 11. Bxe7 Qxe7 12. Qxe7+ Kxe7 13. Nd2 Nb4 14. Kd1 d6 15. c3 Nd5 16. exd6+ cxd6 17. Bc4 Be6 18. Re1 Kd7 19. h4 Rab8 20. Kc1 Rhe8 21. g3 Kc7 22. Bxd5 Bxd5 23. Kc2 c5 24. c4 Bc6 25. Kc3 Kd7 26. Nb3 Re6 27. Rxe6 fxe6 28. f4 Ke7 29. Na5 Ba8 30. a3 Kf6 31. b4 Kf5 32. Re1 cxb4+ 33. axb4 Kg4 34. Re3 Bf3 35. Nb3 e5 36. fxe5 dxe5 37. Nd2 Ba8 38. c5 Re8 39. Nc4 a6 40. Nxe5+ Kf5 41. Nc4 Rxe3+ 42. Nxe3+ Ke4 43. Nc4 Kf3 44. Ne5+ Kxg3 45. Nxg6 Be4 46. Ne7 Kxh4 47. Kd4 Bg2 48. c6 Kg5 49. c7 Bh3 50. Ke3 h4 51. c8=Q 1/2-1/2

[Event "IOM Open-Masters 2017"]
[Site "Douglas"]
[Date "2017.10.01"]
[Round "9"]
[White "Svane, Rasmus"]
[Black "Rodshtein, Maxim"]
[Result "0-1"]
[WhiteElo "2595"]
[BlackElo "2695"]
[Annotator "TA"]
[PlyCount "80"]
[EventDate "2017.??.??"]
[EventType "swiss"]
[EventCountry "GBR"]
[SourceTitle "playchess.com"]
[Source "ChessBase"]
[SourceQuality "1"]

1. Nf3 d5 2. d4 Nf6 3. c4 e6 4. Nc3 a6 5. cxd5 exd5 6. Bg5 Be6 7. e3 Nbd7 8. Bd3 h6 9. Bf4 g5 10. Bg3 Nh5 11. Be5 Ng7 12. Bg3 Nh5 13. Qb3 Nxg3 14. hxg3 c5 15. Qc2 Rc8 16. e4 c4 17. Be2 dxe4 18. Qxe4 b5 19. d5 Nf6 20. Qc2 Bd7 21. Kf1 Bg7 22. Nd4 O-O 23. a3 Qb6 24. Nf5 Bxf5 25. Qxf5 Rfe8 26. Rd1 Rcd8 27. g4 a5 28. d6 Rxd6 29. Rxd6 Qxd6 30. Qxb5 Qd2 31. Qxc4 Qxb2 32. g3 Qxa3 33. Kg2 Qb4 34. Qc6 Re6 35. Qc8+ Qf8 36. Qc7 Ne8 37. Qxa5 Bxc3 38. Qxc3 Rxe2 39. Qd3 Re6 40. Ra1 Qd6 0-1

[Event "IOM Open-Masters 2017"]
[Site "Douglas"]
[Date "2017.10.01"]
[Round "9"]
[White "Tregubov, Pavel V"]
[Black "Yankelevich, Lev"]
[Result "1-0"]
[WhiteElo "2589"]
[BlackElo "2443"]
[Annotator "TA"]
[PlyCount "69"]
[EventDate "2017.??.??"]
[EventType "swiss"]
[EventCountry "GBR"]
[SourceTitle "playchess.com"]
[Source "ChessBase"]
[SourceQuality "1"]

1. d4 Nf6 2. c4 g6 3. Nc3 Bg7 4. e4 d6 5. f4 O-O 6. Nf3 c5 7. dxc5 Qa5 8. Bd3 Qxc5 9. Qe2 Bg4 10. Be3 Qc8 11. h3 Bxf3 12. Qxf3 Nc6 13. Rc1 Nd7 14. O-O Nc5 15. Bb1 Ne6 16. Qf2 Bd4 17. Nd5 Qd8 18. Bxd4 Nexd4 19. e5 dxe5 20. fxe5 Ne6 21. Rcd1 Qa5 22. b4 Nxb4 23. Nxe7+ Kh8 24. Qf6+ Ng7 25. Kh1 Qa6 26. Rd6 Qxc4 27. e6 Rae8 28. exf7 Rxe7 29. Rd8 Rxd8 30. f8=Q+ Rxf8 31. Qxf8+ Qg8 32. Qxe7 Nd5 33. Qd6 Ne8 34. Qe5+ Ng7 35. Bc2 1-0

[Event "IOM Open-Masters 2017"]
[Site "Douglas"]
[Date "2017.10.01"]
[Round "9"]
[White "Tari, Aryan"]
[Black "Fressinet, Laurent"]
[Result "1/2-1/2"]
[WhiteElo "2588"]
[BlackElo "2657"]
[Annotator "TA"]
[PlyCount "68"]
[EventDate "2017.??.??"]
[EventType "swiss"]
[EventCountry "GBR"]
[SourceTitle "playchess.com"]
[Source "ChessBase"]
[SourceQuality "1"]

1. e4 e5 2. Nf3 Nc6 3. Bb5 a6 4. Ba4 Nf6 5. O-O Be7 6. Re1 b5 7. Bb3 O-O 8. c3 d5 9. exd5 Nxd5 10. Nxe5 Nxe5 11. Rxe5 c6 12. d4 Bd6 13. Re1 Qh4 14. g3 Qh3 15. Re4 g5 16. Qf1 Qh5 17. Nd2 Bf5 18. f3 Nf6 19. Re3 Rae8 20. Ne4 Nxe4 21. fxe4 Bxe4 22. Bd2 Kg7 23. Qe2 Qxe2 24. Rxe2 Bf3 25. Ree1 g4 26. Rxe8 Rxe8 27. Re1 Rxe1+ 28. Bxe1 Bd5 29. Bd1 f5 30. a4 h5 31. Bd2 Kf6 32. Kf2 h4 33. Bc2 Kg6 34. Be3 Kf6 1/2-1/2

[Event "IOM Open-Masters 2017"]
[Site "Douglas"]
[Date "2017.10.01"]
[Round "9"]
[White "Ju, Wenjun"]
[Black "Sundararajan, Kidambi"]
[Result "1-0"]
[WhiteElo "2574"]
[BlackElo "2426"]
[Annotator "TA"]
[PlyCount "75"]
[EventDate "2017.??.??"]
[EventType "swiss"]
[EventCountry "GBR"]
[SourceTitle "playchess.com"]
[Source "ChessBase"]
[SourceQuality "1"]

1. d4 e6 2. c4 f5 3. g3 Nf6 4. Bg2 c6 5. Bf4 d6 6. Nf3 Be7 7. O-O O-O 8. Nc3 d5 9. Rc1 Ne4 10. h4 Bd6 11. Ne5 Qe7 12. Nxe4 fxe4 13. c5 Bc7 14. f3 exf3 15. Rxf3 Bxe5 16. Bxe5 Rxf3 17. exf3 Nd7 18. Bd6 Qf6 19. Qd2 Nf8 20. Re1 b6 21. b4 Ba6 22. Re3 bxc5 23. bxc5 Bc4 24. Qb2 Re8 25. Kh2 Bb5 26. a4 Ba6 27. Qb4 Ng6 28. Qb2 Ne7 29. Rb3 Nf5 30. Be5 Qf7 31. Qd2 h6 32. Bh3 Rf8 33. Rb2 Qg6 34. Qa5 Bd3 35. Qxa7 Nxh4 36. gxh4 Rxf3 37. Bxe6+ Kh7 38. Rg2 1-0

[Event "IOM Open-Masters 2017"]
[Site "Douglas"]
[Date "2017.10.01"]
[Round "9"]
[White "Aravindh, Chithambaram Vr"]
[Black "Shvayger, Yuliya"]
[Result "1-0"]
[WhiteElo "2573"]
[BlackElo "2442"]
[Annotator "TA"]
[PlyCount "105"]
[EventDate "2017.??.??"]
[EventType "swiss"]
[EventCountry "GBR"]
[SourceTitle "playchess.com"]
[Source "ChessBase"]
[SourceQuality "1"]

1. e4 e6 2. d4 d5 3. Nc3 Nf6 4. e5 Nfd7 5. f4 c5 6. Nf3 a6 7. Be3 Qb6 8. Na4 Qa5+ 9. c3 cxd4 10. b4 Qc7 11. Qxd4 Nc6 12. Qd2 Be7 13. Nd4 O-O 14. Bd3 b5 15. Nb2 Nb6 16. O-O Nc4 17. Nxc4 dxc4 18. Be4 Bb7 19. Bxc6 Bxc6 20. f5 exf5 21. Nxf5 Be4 22. Nxe7+ Qxe7 23. Bc5 Rfd8 24. Qf4 Qb7 25. Rf2 Bg6 26. Re1 Re8 27. h4 h5 28. g4 Re6 29. Rg2 Qd7 30. gxh5 Bd3 31. Re3 Kh7 32. Rf3 f5 33. Rfg3 Be4 34. Rd2 Qf7 35. Rg5 a5 36. Rf2 Qd7 37. bxa5 Rxa5 38. Bf8 Ra7 39. Rfg2 Bxg2 40. Qxf5+ g6 41. hxg6+ Kg8 42. Bc5 Qd1+ 43. Kh2 Qh1+ 44. Kg3 Rae7 45. Bxe7 Rxe7 46. Rh5 Qe1+ 47. Kxg2 Qe2+ 48. Kg3 Qd3+ 49. Qxd3 cxd3 50. Kf2 Rc7 51. e6 Rxc3 52. Re5 Rc2+ 53. Ke1 1-0

[Event "IOM Open-Masters 2017"]
[Site "Douglas"]
[Date "2017.10.01"]
[Round "9"]
[White "Timman, Jan H"]
[Black "Cornette, Deimante"]
[Result "0-1"]
[WhiteElo "2573"]
[BlackElo "2404"]
[Annotator "TA"]
[PlyCount "78"]
[EventDate "2017.??.??"]
[EventType "swiss"]
[EventCountry "GBR"]
[SourceTitle "playchess.com"]
[Source "ChessBase"]
[SourceQuality "1"]

1. e4 c5 2. Nf3 Nc6 3. Bb5 g6 4. O-O Bg7 5. Re1 Nf6 6. c3 O-O 7. h3 Ne8 8. d4 cxd4 9. cxd4 Qb6 10. Bxc6 dxc6 11. Nc3 Nd6 12. Na4 Qd8 13. Nc3 Be6 14. Bf4 Qa5 15. Qe2 Rad8 16. Red1 Bc4 17. Qc2 Nb5 18. Nxb5 Qxb5 19. Rd2 Be6 20. Qd1 Qb4 21. Be3 Rd6 22. b3 Rfd8 23. Rc1 Qa5 24. Rc5 Qb4 25. Rcc2 Qa5 26. Rc5 Qb4 27. d5 cxd5 28. exd5 Bf5 29. Rc4 Qa5 30. Bc5 b5 31. Bb4 Qa6 32. Bxd6 bxc4 33. Bxe7 Rd7 34. d6 c3 35. Rd5 c2 36. Qc1 Qc6 37. Rxf5 Bb2 38. Ne5 Bxc1 39. Nxc6 Be3 0-1

[Event "IOM Open-Masters 2017"]
[Site "Douglas"]
[Date "2017.10.01"]
[Round "9"]
[White "Lenderman, Aleksandr"]
[Black "Leko, Peter"]
[Result "1/2-1/2"]
[WhiteElo "2565"]
[BlackElo "2679"]
[Annotator "TA"]
[PlyCount "60"]
[EventDate "2017.??.??"]
[EventType "swiss"]
[EventCountry "GBR"]
[SourceTitle "playchess.com"]
[Source "ChessBase"]
[SourceQuality "1"]

1. d4 Nf6 2. c4 e6 3. Nc3 Bb4 4. Qc2 O-O 5. Nf3 d5 6. a3 Bxc3+ 7. Qxc3 dxc4 8. Qxc4 b6 9. Bg5 Ba6 10. Qa4 Qd7 11. Qc2 c5 12. Bxf6 gxf6 13. dxc5 Rc8 14. Rd1 Qe7 15. e4 Bxf1 16. Kxf1 Qxc5 17. Qxc5 bxc5 18. Ke2 Nc6 19. Rd2 e5 20. Rc1 Nd4+ 21. Nxd4 cxd4 22. Rdc2 Rxc2+ 23. Rxc2 a5 24. b4 axb4 25. axb4 Rb8 26. Rc4 Kf8 27. f4 Ke7 28. Rc7+ Kf8 29. Rc4 Ke7 30. Rc7+ Kf8 1/2-1/2

[Event "IOM Open-Masters 2017"]
[Site "Douglas"]
[Date "2017.10.01"]
[Round "9"]
[White "Pichot, Alan"]
[Black "Loos, Roland"]
[Result "1-0"]
[WhiteElo "2565"]
[BlackElo "2393"]
[Annotator "TA"]
[PlyCount "85"]
[EventDate "2017.??.??"]
[EventType "swiss"]
[EventCountry "GBR"]
[SourceTitle "playchess.com"]
[Source "ChessBase"]
[SourceQuality "1"]

1. e4 c6 2. d4 d5 3. Nc3 dxe4 4. Nxe4 Bf5 5. Ng3 Bg6 6. h4 h6 7. Nf3 Nf6 8. Ne5 Bh7 9. Bd3 Bxd3 10. Qxd3 e6 11. Bf4 Qa5+ 12. Bd2 Bb4 13. Bxb4 Qxb4+ 14. c3 Qxb2 15. Rb1 Qxa2 16. Rxb7 Qa1+ 17. Rb1 Qa5 18. Rb7 Qa1+ 19. Kd2 Qa2+ 20. Qc2 Qxc2+ 21. Kxc2 O-O 22. Ra1 a5 23. Ra4 Ra6 24. h5 c5 25. dxc5 Nc6 26. Nxc6 Rxc6 27. Rxa5 Rfc8 28. Rbb5 Nd7 29. Ne4 f5 30. Nd6 R8c7 31. Nb7 Rc8 32. c4 Nf6 33. Nd6 R8c7 34. Kc3 Nxh5 35. Kd4 Nf4 36. Rb6 Ng6 37. Rxc6 Rxc6 38. Ra8+ Kh7 39. Ra7 Nf4 40. Ne8 Nh5 41. Rc7 Ra6 42. c6 Ra5 43. Re7 1-0

[Event "IOM Open-Masters 2017"]
[Site "Douglas"]
[Date "2017.10.01"]
[Round "9"]
[White "Wagner, Dennis"]
[Black "Sokolov, Ivan"]
[Result "1-0"]
[WhiteElo "2564"]
[BlackElo "2603"]
[Annotator "TA"]
[PlyCount "185"]
[EventDate "2017.??.??"]
[EventType "swiss"]
[EventCountry "GBR"]
[SourceTitle "playchess.com"]
[Source "ChessBase"]
[SourceQuality "1"]

1. d4 d5 2. c4 e6 3. Nc3 Nf6 4. cxd5 exd5 5. Bg5 c6 6. e3 h6 7. Bh4 Bf5 8. Qf3 Bg6 9. Bxf6 Qxf6 10. Qxf6 gxf6 11. Nf3 Nd7 12. Nh4 O-O-O 13. f4 Re8 14. f5 Bh7 15. Kf2 h5 16. Bd3 Bh6 17. Rae1 Nb6 18. Re2 Kb8 19. Nf3 Nc8 20. h3 Reg8 21. g4 Nd6 22. Ree1 Bf8 23. Reg1 Rg7 24. Ne2 Bg8 25. Ng3 Rgh7 26. Ne1 Rg7 27. Kf3 Rgh7 28. Ng2 Ne8 29. Nf4 Ng7 30. Re1 Kc7 31. e4 dxe4+ 32. Bxe4 hxg4+ 33. hxg4 Rxh1 34. Rxh1 Rxh1 35. Nxh1 Ne8 36. Ng3 Bh6 37. Bd3 Kd6 38. Ne4+ Ke7 39. Bc4 Nc7 40. Nd3 a5 41. a3 Bg5 42. Nec5 b6 43. Ne4 Ne8 44. d5 cxd5 45. Bxd5 Bh7 46. Nc3 Nd6 47. Be4 Nc4 48. a4 Kd6 49. Bd5 Nd2+ 50. Ke2 Bg8 51. Ba2 Kc6 52. Nf2 Kc5 53. Kd3 Kb4 54. Nfe4 Nxe4 55. Nxe4 b5 56. axb5 Kxb5 57. Bd5 Bh4 58. Kd4 Kb4 59. Ba2 a4 60. Kd5 a3 61. bxa3+ Kxa3 62. Bc4 Kb4 63. Bd3 Bh7 64. Kd6 Ka5 65. Ke7 Bg6 66. Nxf6 Kb4 67. fxg6 fxg6 68. Bxg6 Kc5 69. Ke6 Kd4 70. Ne4 Ke3 71. Kf5 Kf3 72. Bf7 Ke3 73. g5 Bxg5 74. Nxg5 Kd4 75. Be6 Ke3 76. Ke5 Kd3 77. Bd5 Kc3 78. Ke4 Kd2 79. Kd4 Kc2 80. Ne4 Kb2 81. Nd2 Kc2 82. Nf1 Kb2 83. Ne3 Kc1 84. Kc3 Kb1 85. Nc2 Kc1 86. Ba2 Kd1 87. Nd4 Kc1 88. Ne2+ Kd1 89. Kd3 Ke1 90. Ke3 Kd1 91. Bb3+ Ke1 92. Nf4 Kf1 93. Bc2 1-0

[Event "IOM Open-Masters 2017"]
[Site "Douglas"]
[Date "2017.10.01"]
[Round "9"]
[White "Deac, Bogdan-Daniel"]
[Black "Woellermann, Jan"]
[Result "1-0"]
[WhiteElo "2559"]
[BlackElo "2384"]
[Annotator "TA"]
[PlyCount "85"]
[EventDate "2017.??.??"]
[EventType "swiss"]
[EventCountry "GBR"]
[SourceTitle "playchess.com"]
[Source "ChessBase"]
[SourceQuality "1"]

1. e4 e5 2. Nf3 Nc6 3. Bc4 Bc5 4. d3 Nf6 5. a4 O-O 6. c3 a6 7. O-O d6 8. h3 h6 9. Nbd2 a5 10. Re1 Be6 11. Bb5 Ne7 12. d4 exd4 13. Nxd4 Bd7 14. Bd3 Nc6 15. N2f3 Ne5 16. Bc2 Re8 17. Bf4 Re7 18. Bg3 Re8 19. b3 Ng6 20. Bh2 Ne5 21. Ra2 Qb8 22. Bb1 Qa7 23. Rd2 Qb6 24. Nh4 Nc6 25. Nhf5 Bxf5 26. Nxf5 Re6 27. Rde2 Rae8 28. Kf1 Ne5 29. Bc2 Ng6 30. Qd3 Nh5 31. Qd2 Nf6 32. g4 Nh7 33. Kg2 Ne5 34. Rb1 Qa7 35. b4 Bb6 36. Bb3 Rg6 37. f4 Nc6 38. e5 dxe5 39. Qd7 Rf8 40. fxe5 axb4 41. e6 Nf6 42. exf7+ Kh7 43. Qd3 1-0

[Event "IOM Open-Masters 2017"]
[Site "Douglas"]
[Date "2017.10.01"]
[Round "9"]
[White "Brunello, Sabino"]
[Black "Arkell, Keith C"]
[Result "1-0"]
[WhiteElo "2555"]
[BlackElo "2415"]
[Annotator "TA"]
[PlyCount "63"]
[EventDate "2017.??.??"]
[EventType "swiss"]
[EventCountry "GBR"]
[SourceTitle "playchess.com"]
[Source "ChessBase"]
[SourceQuality "1"]

1. e4 c6 2. d4 d5 3. Nd2 dxe4 4. Nxe4 Nd7 5. Ng5 Ngf6 6. Bd3 Nb6 7. N1f3 h6 8. Ne4 Nxe4 9. Bxe4 Bg4 10. h3 Bxf3 11. Bxf3 g6 12. c3 Bg7 13. h4 h5 14. Bg5 Nd5 15. Qe2 Bh6 16. Bxd5 Bxg5 17. Bxf7+ Kxf7 18. hxg5 e5 19. dxe5 Qxg5 20. O-O Rad8 21. f4 Qf5 22. Rad1 Kg7 23. a4 Rhe8 24. a5 Rxd1 25. Qxd1 Re7 26. Qd4 a6 27. Rd1 Kh7 28. Qd6 Rg7 29. e6 Qg4 30. Re1 Qh4 31. Qe5 Re7 32. Rd1 1-0

[Event "IOM Open-Masters 2017"]
[Site "Douglas"]
[Date "2017.10.01"]
[Round "9"]
[White "Harika, Dronavalli"]
[Black "Degtiarev, Evgeny"]
[Result "1-0"]
[WhiteElo "2528"]
[BlackElo "2412"]
[Annotator "TA"]
[PlyCount "81"]
[EventDate "2017.??.??"]
[EventType "swiss"]
[EventCountry "GBR"]
[SourceTitle "playchess.com"]
[Source "ChessBase"]
[SourceQuality "1"]

1. e4 e5 2. Nf3 Nc6 3. Bc4 Bc5 4. O-O Nf6 5. d3 d6 6. c3 O-O 7. h3 h6 8. Re1 a5 9. Nbd2 Be6 10. Bb5 Qb8 11. Nf1 Qa7 12. Re2 Qb6 13. Ba4 Qa6 14. Bc2 Rad8 15. Qe1 Rfe8 16. Ng3 d5 17. exd5 Bxd5 18. Nh4 e4 19. d4 Bd6 20. Nhf5 Bf8 21. Nxe4 Nxe4 22. Bxe4 Bc4 23. Re3 Qb5 24. b3 Rxe4 25. bxc4 Rxe3 26. Nxe3 Qa4 27. Qd1 Qxd1+ 28. Nxd1 Ne5 29. Ne3 Nd3 30. c5 b6 31. cxb6 cxb6 32. a4 Rc8 33. Bd2 Be7 34. Kf1 Bg5 35. Rb1 f5 36. g3 f4 37. Nd5 Rf8 38. gxf4 Bh4 39. Be3 g5 40. f5 Rd8 41. c4 1-0

[Event "IOM Open-Masters 2017"]
[Site "Douglas"]
[Date "2017.10.01"]
[Round "9"]
[White "Perelshteyn, Eugene"]
[Black "Wallace, John Paul"]
[Result "1-0"]
[WhiteElo "2524"]
[BlackElo "2413"]
[Annotator "TA"]
[PlyCount "75"]
[EventDate "2017.??.??"]
[EventType "swiss"]
[EventCountry "GBR"]
[SourceTitle "playchess.com"]
[Source "ChessBase"]
[SourceQuality "1"]

1. e4 c5 2. Nf3 d6 3. d4 cxd4 4. Qxd4 a6 5. c4 Nf6 6. h3 e6 7. Nc3 Qc7 8. Be2 b6 9. O-O Bb7 10. b3 Nbd7 11. Bb2 Be7 12. Rac1 O-O 13. Qe3 Rfe8 14. Nd2 Rac8 15. Kh1 Qb8 16. f4 Bd8 17. Qg3 e5 18. fxe5 dxe5 19. Nd5 Bxd5 20. cxd5 Rxc1 21. Rxc1 b5 22. Rc6 Bb6 23. Ba3 h5 24. Bd6 Qa7 25. b4 Be3 26. Bc5 Bxc5 27. bxc5 Ra8 28. Qc3 h4 29. Qe3 Qb7 30. Qb3 Rd8 31. Qb4 Nb8 32. Rb6 Nxd5 33. exd5 Qxd5 34. a3 Nc6 35. Qxh4 Qxd2 36. Rxc6 f6 37. Bh5 g5 38. Qe4 1-0

[Event "IOM Open-Masters 2017"]
[Site "Douglas"]
[Date "2017.10.01"]
[Round "9"]
[White "Lubbe, Nikolas"]
[Black "Kojima, Shinya"]
[Result "0-1"]
[WhiteElo "2515"]
[BlackElo "2403"]
[Annotator "TA"]
[PlyCount "128"]
[EventDate "2017.??.??"]
[EventType "swiss"]
[EventCountry "GBR"]
[SourceTitle "playchess.com"]
[Source "ChessBase"]
[SourceQuality "1"]

1. e4 c6 2. Nc3 d5 3. Nf3 Bg4 4. h3 Bxf3 5. Qxf3 e6 6. d3 Nd7 7. Bd2 Qb6 8. O-O-O d4 9. Ne2 c5 10. Kb1 Ne7 11. g4 Nc6 12. Qg3 O-O-O 13. Nc1 Qa6 14. Qf3 Nce5 15. Qe2 Nb6 16. Nb3 Na4 17. f4 Nd7 18. e5 Ndb6 19. c4 dxc3 20. bxc3 Be7 21. c4 Rd7 22. Ka1 Rhd8 23. Ba5 Qxc4 24. Qf2 Qb5 25. Rc1 Kb8 26. Be2 Rc8 27. Rc2 Qc6 28. Rhc1 Qd5 29. Rd2 Rdc7 30. Bf3 Qd7 31. Be4 h6 32. Qg2 Qb5 33. Rdc2 f6 34. Qe2 fxe5 35. fxe5 c4 36. dxc4 Qxe5+ 37. Kb1 Rxc4 38. Bd3 Qxe2 39. Rxe2 Rxc1+ 40. Nxc1 Nc3+ 41. Bxc3 Rxc3 42. Rxe6 Ba3 43. Re8+ Kc7 44. Re1 g5 45. Bc2 Nc4 46. Nb3 Rxh3 47. Bf5 Rh2 48. Nd4 a6 49. Re2 Rh1+ 50. Kc2 b5 51. Bd3 Rc1+ 52. Kb3 Bc5 53. Nf5 Nb6 54. Rh2 Na4 55. Bc2 Rg1 56. Rxh6 Rxg4 57. Bd3 Rg2 58. Bc2 Rf2 59. Rh3 g4 60. Rg3 Kb6 61. Nh4 Rf4 62. Bd1 Bf2 63. Rxg4 Rxg4 64. Bxg4 Bxh4 0-1

[Event "IOM Open-Masters 2017"]
[Site "Douglas"]
[Date "2017.10.01"]
[Round "9"]
[White "Lampert, Jonas"]
[Black "Houska, Jovanka"]
[Result "1-0"]
[WhiteElo "2514"]
[BlackElo "2393"]
[Annotator "TA"]
[PlyCount "51"]
[EventDate "2017.??.??"]
[EventType "swiss"]
[EventCountry "GBR"]
[SourceTitle "playchess.com"]
[Source "ChessBase"]
[SourceQuality "1"]

1. e4 c6 2. d4 d5 3. Nc3 dxe4 4. Nxe4 Bf5 5. Ng3 Bg6 6. c3 Nd7 7. Nh3 e5 8. f4 exf4 9. Bxf4 Qb6 10. Bd3 O-O-O 11. O-O c5 12. a4 Bxd3 13. Qxd3 Qg6 14. Qf3 Ne7 15. b4 c4 16. a5 a6 17. b5 Nb8 18. Bxb8 Kxb8 19. bxa6 Qxa6 20. Ng5 Rd5 21. Nxf7 Rg8 22. Ne4 g5 23. Nf6 Rxa5 24. Rxa5 Qxa5 25. Nxg8 Nxg8 26. Nd8 1-0

[Event "IOM Open-Masters 2017"]
[Site "Douglas"]
[Date "2017.10.01"]
[Round "9"]
[White "Praggnanandhaa R"]
[Black "Balint, Vilmos"]
[Result "1-0"]
[WhiteElo "2500"]
[BlackElo "2281"]
[Annotator "TA"]
[PlyCount "147"]
[EventDate "2017.??.??"]
[EventType "swiss"]
[EventCountry "GBR"]
[SourceTitle "playchess.com"]
[Source "ChessBase"]
[SourceQuality "1"]

1. Nf3 Nf6 2. g3 b6 3. Bg2 Bb7 4. O-O e6 5. d3 d5 6. Nbd2 Be7 7. e4 c5 8. Re1 Nc6 9. c3 Qc7 10. Nf1 dxe4 11. dxe4 Rd8 12. Qe2 O-O 13. e5 Nd7 14. h4 Na5 15. b3 Bd5 16. Bf4 c4 17. b4 Nc6 18. N1d2 a5 19. b5 Na7 20. Reb1 Nc5 21. Ne1 Na4 22. Bxd5 Nxc3 23. Qxc4 Nxd5 24. Qxc7 Nxc7 25. a4 Nd5 26. Nef3 Bb4 27. Ne4 Nxf4 28. gxf4 f6 29. exf6 gxf6 30. Rc1 Rd7 31. Rc4 Kf7 32. Rac1 h6 33. Rc7 Ke7 34. Kf1 Rfd8 35. h5 f5 36. Ned2 Bd6 37. R7c4 Bb4 38. Nb3 Rd1+ 39. Rxd1 Rxd1+ 40. Ke2 Rd5 41. Rc7+ Rd7 42. Rc1 Kf6 43. Ne5 Rb7 44. Rd1 Nc8 45. Rd8 Rc7 46. Nd4 Bc5 47. Ndc6 Kg7 48. Re8 Nd6 49. Rxe6 Ne4 50. Nd8 Bxf2 51. Rg6+ Kh7 52. Rc6 Rg7 53. Ndf7 Rg2 54. Rxh6+ Kg7 55. Rg6+ Rxg6 56. hxg6 Bc5 57. Nd8 Nc3+ 58. Kd3 Nxa4 59. Ne6+ Kg8 60. Nd7 Be7 61. Kc2 Nc5 62. Nexc5 bxc5 63. b6 Kg7 64. b7 Bd6 65. b8=Q Bxb8 66. Nxb8 Kxg6 67. Nd7 c4 68. Ne5+ Kh5 69. Kc3 Kh4 70. Kxc4 Kg3 71. Ng6 Kf3 72. Kb5 Ke4 73. Kxa5 Kd5 74. Kb5 1-0

[Event "IOM Open-Masters 2017"]
[Site "Douglas"]
[Date "2017.10.01"]
[Round "9"]
[White "Brown, Michael William"]
[Black "Almasi, Zoltan"]
[Result "1-0"]
[WhiteElo "2499"]
[BlackElo "2707"]
[Annotator "TA"]
[PlyCount "147"]
[EventDate "2017.??.??"]
[EventType "swiss"]
[EventCountry "GBR"]
[SourceTitle "playchess.com"]
[Source "ChessBase"]
[SourceQuality "1"]

1. d4 e6 2. c4 b6 3. Nc3 Bb7 4. a3 Nf6 5. d5 Bc5 6. Nf3 a5 7. g3 exd5 8. cxd5 Ng4 9. e3 Nf6 10. Bg2 Ba6 11. Rb1 Qe7 12. Nd4 Bxd4 13. Qxd4 c5 14. Qa4 Qd8 15. Nb5 O-O 16. O-O d6 17. Rd1 Qd7 18. Bf1 Ne8 19. Qc4 a4 20. b3 axb3 21. Qxb3 Qe7 22. Bb2 Nd7 23. a4 Nef6 24. Bg2 Rfc8 25. Rbc1 Ne5 26. Qc2 Bxb5 27. axb5 Qe8 28. Qf5 Rd8 29. Rb1 Ra2 30. h3 h6 31. g4 Qe7 32. Bc3 Ra3 33. Bb2 Rb3 34. Ba1 Rxb1 35. Rxb1 Ra8 36. Bc3 g6 37. Qc2 h5 38. g5 Nfd7 39. h4 Kh7 40. Ra1 Rxa1+ 41. Bxa1 f6 42. f4 Ng4 43. e4 Qf8 44. gxf6 Qa8 45. Bc3 Ndxf6 46. Qb2 Qd8 47. Bf3 Ne8 48. Be1 Qe7 49. Qe2 Qf6 50. Kg2 Qd4 51. Bf2 Nxf2 52. Qxf2 Qc3 53. Qe2 Qd4 54. Bxh5 Nf6 55. Bf3 c4 56. Qf2 Qd3 57. Qxb6 c3 58. Qc7+ Kh6 59. Qxd6 c2 60. Qxf6 Qd2+ 61. Kh3 Kh7 62. h5 gxh5 63. Qf7+ Kh8 64. Qf8+ Kh7 65. Qf7+ Kh8 66. Qxh5+ Kg7 67. Qe5+ Kh7 68. Qe7+ Kg8 69. Qd8+ Kg7 70. Qc7+ Kh8 71. Bh5 Qe3+ 72. Kh4 Qxe4 73. Kg5 Qxd5+ 74. Kh6 1-0

[Event "IOM Open-Masters 2017"]
[Site "Douglas"]
[Date "2017.10.01"]
[Round "9"]
[White "Panchanathan, Magesh Chandran"]
[Black "Arjun Kalyan"]
[Result "1/2-1/2"]
[WhiteElo "2481"]
[BlackElo "2406"]
[Annotator "TA"]
[PlyCount "104"]
[EventDate "2017.??.??"]
[EventType "swiss"]
[EventCountry "GBR"]
[SourceTitle "playchess.com"]
[Source "ChessBase"]
[SourceQuality "1"]

1. c4 e5 2. Nc3 Nf6 3. Nf3 Nc6 4. e3 Be7 5. Qb3 O-O 6. Be2 d6 7. d4 exd4 8. exd4 d5 9. cxd5 Nb4 10. O-O Nbxd5 11. Bg5 c6 12. Rfe1 h6 13. Nxd5 Nxd5 14. Bxe7 Qxe7 15. Bc4 Qd6 16. Bxd5 cxd5 17. Ne5 Be6 18. Rac1 Qb6 19. Qxb6 axb6 20. a3 Ra4 21. Rc7 Rb8 22. Rd1 b5 23. f4 b4 24. Rf1 bxa3 25. bxa3 g6 26. g4 Rxd4 27. f5 gxf5 28. gxf5 Re4 29. fxe6 Rxe5 30. exf7+ Kf8 31. Rf6 Re7 32. Rxe7 Kxe7 33. Rxh6 Kxf7 34. Rb6 Kg8 35. a4 Ra8 36. Rb4 Ra7 37. Kf2 Kf7 38. Ke3 Ke6 39. h4 Ke5 40. h5 Kf5 41. Kd4 Ra5 42. Kc3 Kg5 43. Kb3 Ra7 44. Rb5 Kxh5 45. Rxd5+ Kg6 46. Rd7 Kf6 47. Kb4 Ke6 48. Rh7 Kd6 49. Kb5 Ke6 50. a5 Kd6 51. Rg7 Ke6 52. Rg5 Ra6 1/2-1/2

[Event "IOM Open-Masters 2017"]
[Site "Douglas"]
[Date "2017.10.01"]
[Round "9"]
[White "Hambleton, Aman"]
[Black "Kavutskiy, Konstantin"]
[Result "1-0"]
[WhiteElo "2479"]
[BlackElo "2390"]
[Annotator "TA"]
[PlyCount "67"]
[EventDate "2017.??.??"]
[EventType "swiss"]
[EventCountry "GBR"]
[SourceTitle "playchess.com"]
[Source "ChessBase"]
[SourceQuality "1"]

1. d4 Nf6 2. Bf4 g6 3. Nc3 d5 4. e3 Bg7 5. h4 h5 6. Nb5 Na6 7. Nf3 c6 8. Nc3 Bg4 9. Be2 Nd7 10. e4 e6 11. Qd2 O-O 12. O-O-O b5 13. Ng5 Bxe2 14. Qxe2 Qa5 15. g4 Nb6 16. gxh5 Nc4 17. Kb1 b4 18. Na4 Qxa4 19. hxg6 fxg6 20. exd5 Rae8 21. Qxc4 cxd5 22. Qd3 Rxf4 23. Qxg6 Rf6 24. Qh7+ Kf8 25. Rdg1 Qd7 26. Qd3 Rh6 27. Qxa6 Bxd4 28. Rg4 Bb6 29. Rf4+ Kg8 30. Rg1 Rg6 31. h5 Qc7 32. Rfg4 Rg7 33. h6 Rg6 34. Qd3 1-0